00440nam a2200169Ia 4500003000400000005001700004008004100021040000700062041000800069082002100077100002500098245006700123250000600190260003600196365001300232650002500245OSt20230619145504.0210423s2000 xx 000 0 und d cAL aeng a658.3 223bRUDD aRUDRABASAVARAJ (M N) aDynamic personnel administration management of human resources a7 bHimalaya Publishing Housec2000 b275cINR aPersonnel Management